Città che Iniziano con F - Top 10 - Statistics

Statistiche generali
  • Questo quiz è stato fatto 11 volte
  • Il punteggio medio è 2 su 10
Statistiche sulle risposte
Stato Città Popolazione % Corretto
🇯🇵 Fukuoka 1.392.289
75%
🇧🇷 Fortaleza 2.400.000
63%
🇸🇱 Freetown 802.639
50%
🇲🇦 Fès 964.891
25%
🇺🇸 Fort Worth 833.319
13%
🇵🇰 Faisalabat 2.506.595
0%
🇮🇳 Faridabad 1.220.229
0%
🇨🇳 Foshan 3.600.000
0%
🇨🇳 Fushun 1.400.646
0%
🇨🇳 Fuzhou 1.179.720
0%
Nessun quiz corrispondente trovato
Distribuzione punteggi
Percentuale di utenti per punteggio
Percentile per numero di risposta
I tuoi punteggi nel tempo
Non hai fatto questo quiz